000 00424nam a2200169Ia 4500
008 230917s9999||||xx |||||||||||||| ||und||
020 _cRS2995
040 _e246599
_aMAIN
041 _aEnglish
082 _a595.7 S24I
100 _aSharp, D
245 0 _aInsects
260 _aNew Delhi
_bAgri-Biovet Press
_c2016
300 _aviii, 626 p.
500 _a3076 21/03/2018 IBS18/348 21/03/2018 Main Budget
942 _cBK
999 _c26449
_d26449